Statistics for Soccer teams with Fila Sponsorship all-time

Click here to take the quiz!

General Stats

  • This quiz has been taken 2 times
  • The average score is 2 of 24

Answer Stats

Years WornTeam% Correct
1997-2000Fiorentina
100%
2009-2011Botafogo
50%
2003-2004ADO Den Haag
0%
2004-2004Alianza Lima
0%
2014-2016Avai
0%
2011-2013Blackpool
0%
2011-2014Bournemouth
0%
1997-1998Cruz Azul
0%
1998-1999Deportivo Cali
0%
2012-2015Deportivo Quito
0%
2000-2003Eintracht Frankfurt
0%
2004-2005FSV Frankfurt
0%
2022-PresentGangwon FC
0%
1998-2001Hamburger SV
0%
2022-PresentJeju United
0%
2001-2001Juventude
0%
2019-PresentMaccabi Tel Aviv
0%
1999-1999Nacional
0%
2003-2004NEC Nijmegen
0%
2012-2014Oldham
0%
2015-2015Paulista FC
0%
2000-2002Scotland
0%
2001-2005Velez Sarsfield
0%
1999-2003West Ham United
0%

Score Distribution

Percentile by Number Answered

Percent of People with Each Score

Your Score History

You have not taken this quiz